书目信息 |
| 题名: |
我的应许之地
|
|
| 作者: | 沙维特 著 ;简扬 译 | |
| 分册: | ||
| 出版信息: | 北京 中信出版社 2016 |
|
| 页数: | 429页 | |
| 开本: | 24cm | |
| 丛书名: | ||
| 单 册: | ||
| 中图分类: | K382.0 | |
| 科图分类: | ||
| 主题词: | ||
| 电子资源: | ||
| ISBN: | 978-7-5086-4791-3 | |
| 000 | 01119nam0 2200265 450 | |
| 001 | 2845 | |
| 001 | 01CN12190769@CSLN | |
| 005 | 20161206093840.12 | |
| 010 | @a978-7-5086-4791-3@b精装@dCNY68.00 | |
| 100 | @a20140303d2016 em y0chiy0110 ea | |
| 101 | 1 | @achi@ceng |
| 102 | @aCN@b110000 | |
| 105 | @ay z 000yy | |
| 200 | 1 | @a我的应许之地@9Wodeyingxuzhidi@e以色列的荣耀与悲情@f(以)阿里·沙维特著@g简扬译 |
| 210 | @a北京@c中信出版社@d2016 | |
| 215 | @a429页@d24cm | |
| 330 | @a是一部震撼人心的以色列建国史,也是百年来犹太民族的奋斗复兴史。作者阿里?沙维特以自己家族故事为引子,通过亲身经历、深度访谈,历史文献、私人日志、信件等,通过一个个扣人心弦的个体故事,试图描述出以色列的全景大历史,以引出更深层次的以色列国家思考,并对中东地区的纷争渊源进行了历史性梳理。 | |
| 510 | 1 | @aMy promised land@ethe tiumph and tragedy of israel@zeng |
| 517 | 1 | @a以色列的荣耀与悲情@9Yiseliederongyaoyubeiqing |
| 607 | @a以色列@9Yiselie@x历史 | |
| 690 | @aK382.0@v5 | |
| 701 | 1 | @a沙维特@9Shaweite@b阿里@4著 |
| 702 | 0 | @a简扬@9Jianyang@4译 |
| 801 | 0 | @aCN@b大连网信软件有限公司图书馆·11@c20161206 |
| 905 | @aZUCC@dK382.0@e21 | |
| 我的应许之地:以色列的荣耀与悲情/(以)阿里·沙维特著/简扬译.-北京:中信出版社,2016 |
| 429页;24cm |
| ISBN 978-7-5086-4791-3(精装):CNY68.00 |
| 是一部震撼人心的以色列建国史,也是百年来犹太民族的奋斗复兴史。作者阿里?沙维特以自己家族故事为引子,通过亲身经历、深度访谈,历史文献、私人日志、信件等,通过一个个扣人心弦的个体故事,试图描述出以色列的全景大历史,以引出更深层次的以色列国家思考,并对中东地区的纷争渊源进行了历史性梳理。 |
| ● |
| 相关链接 |
|
|
|
|
正题名:我的应许之地
索取号:K382.0/21
 
预约/预借
| 序号 | 登录号 | 条形码 | 馆藏地/架位号 | 状态 | 备注 |
| 1 | 912469 | 209124696 | 第二样本阅览室/ [索取号:K382.0/21] | 在馆 | |
| 2 | 912470 | 209124703 | 第二借阅区/ [索取号:K382.0/21] | 在馆 | |
| 3 | 912471 | 209124712 | 第二借阅区/ [索取号:K382.0/21] | 在馆 | |
| 4 | 912472 | 209124721 | 第二借阅区/ [索取号:K382.0/21] | 在馆 | |
| 5 | 912473 | 209124730 | 第二借阅区/ [索取号:K382.0/21] | 在馆 |